| 000 | 00755nam a2200217Ii 4500 | ||
|---|---|---|---|
| 003 | JO-AjNU | ||
| 008 | 230605s9999||||xx |||||||||||||| ||und|| | ||
| 017 | _a1995/6/1011 | ||
| 040 |
_aJO-AjNU _bara _erda _cJO-AjNU |
||
| 041 | _aara | ||
| 050 | 1 | 4 | _aH61.R6812.1995 |
| 100 | 3 |
_aجويل دي روسني،ترجمة محمد وائل الأتاسي, _eauthor _918906 |
|
| 245 | 0 | 0 | _aالعالم في رؤية شاملة أو الماكروسكوب=Le macroscope vers une vision globale |
| 264 | 3 | 1 | _aدمشق:وزارة الثقافة،1995 |
| 300 | _a271 | ||
| 336 |
_atext _btxt _2rdacontent |
||
| 337 |
_aunmediated _bn _2rdamedia |
||
| 338 |
_avolume _bnc _2rdacarrier |
||
| 490 | 0 | _aسلسلة علوم20 | |
| 650 | 4 |
_aالماكروسكوب _918907 |
|
| 999 |
_aA6134 _c9702 _d9702 |
||